Dangerous Drugs (Forfeiture of property) Act 1988 (Act 340) & Regulations 1989 (Special preventive measures) Act 1985 (Act 316) & Rules 1987 : (Record no. 1130)

000 -LEADER
fixed length control field nam a22 a 4500
003 - CONTROL NUMBER IDENTIFIER
control field AKMAL
005 - DATE AND TIME OF LATEST TRANSACTION
control field 20170508142158.0
008 - FIXED-LENGTH DATA ELEMENTS--GENERAL INFORMATION
fixed length control field 170508s2005 my l 00 eng d
020 ## - INTERNATIONAL STANDARD BOOK NUMBER
International Standard Book Number 9678906430 (pbk.):
Terms of availability RM 15.00
082 04 - DEWEY DECIMAL CLASSIFICATION NUMBER
Classification number 345.5950277 DAN
090 ## - LOCALLY ASSIGNED LC-TYPE CALL NUMBER (OCLC); LOCAL CALL NUMBER (RLIN)
Classification number (OCLC) (R) ; Classification number, CALL (RLIN) (NR) 345.5950277
Local cutter number (OCLC) ; Book number/undivided call number, CALL (RLIN) DAN
110 2# - MAIN ENTRY--CORPORATE NAME
Corporate name or jurisdiction name as entry element Malaysia
9 (RLIN) 400
240 1# - UNIFORM TITLE
Uniform title Akta Dadah Berbahaya (Perlucuthakan Harta, 1988.
Language of a work English
245 10 - TITLE STATEMENT
Title Dangerous Drugs (Forfeiture of property) Act 1988 (Act 340) & Regulations 1989 (Special preventive measures) Act 1985 (Act 316) & Rules 1987 :
Remainder of title (As at 10th March 2005) /
Statement of responsibility, etc. compiled by Legal Research Board
260 ## - PUBLICATION, DISTRIBUTION, ETC.
Place of publication, distribution, etc. Kuala Lumpur :
Name of publisher, distributor, etc. International Law Book Services,
Date of publication, distribution, etc. 2005
300 ## - PHYSICAL DESCRIPTION
Extent iv, 131p. 4c
Dimensions 24cm
650 ## - SUBJECT ADDED ENTRY--TOPICAL TERM
Topical term or geographic name entry element Drugs
General subdivision Law and legislation
Geographic subdivision Malaysia
9 (RLIN) 2109
650 ## - SUBJECT ADDED ENTRY--TOPICAL TERM
Topical term or geographic name entry element Drug abuse
Geographic subdivision Malaysia
General subdivision Prevention
9 (RLIN) 2110
710 1# - ADDED ENTRY--CORPORATE NAME
Corporate name or jurisdiction name as entry element Malaysia.
Title of a work Akta Dadah Berbahaya (Langkah-Langkah Pencegahan Khas) 1985
9 (RLIN) 2111
942 ## - ADDED ENTRY ELEMENTS (KOHA)
Source of classification or shelving scheme
Koha item type Book
Holdings
Withdrawn status Lost status Source of classification or shelving scheme Damaged status Not for loan Collection code Home library Current library Shelving location Date acquired Inventory number Full call number Barcode Date last seen Price effective from Koha item type Public note Total Checkouts Date last checked out
          NON-FICTION AKMAL Melaka AKMAL Melaka PINJAMAN 08.05.2017 304542 345.5950277 DAN 201702080 08.05.2017 08.05.2017 Book Dilupuskan. No. Fail. ARKIBMLK.600-6/9/1 Jld.7 (54)    
          NON-FICTION AKMAL Melaka AKMAL Melaka PINJAMAN 08.05.2017 304539 345.5950277 DAN 201702081 17.06.2017 08.05.2017 Book Dilupuskan. No. Fail. ARKIBMLK.600-6/9/1 Jld.7 (54) 1 09.06.2017
          NON-FICTION AKMAL Melaka AKMAL Melaka PINJAMAN 08.05.2017 304540 345.5950277 DAN 201702082 17.06.2017 08.05.2017 Book Dilupuskan. No. Fail. ARKIBMLK.600-6/9/1 Jld.7 (54) 1 09.06.2017
          NON-FICTION AKMAL Melaka AKMAL Melaka PINJAMAN 08.05.2017 304541 345.5950277 DAN 201702083 17.06.2017 08.05.2017 Book Dilupuskan. No. Fail. ARKIBMLK.600-6/9/1 Jld.7 (54) 1 09.06.2017
Pusat Sumber Maklumat Dato' Haji Sarmin Md Hussin, Akademi Kastam Diraja Malaysia, Melaka
Tel: 06-2331106 | Faks: 06-2313787